000 00386nam a2200169Ia 4500
003 STCL
008 181203s9999 xx 000 0 und d
020 _a9789380931906
040 _aSTCL
_bEN
_cSTCL
082 _222
100 _aRoss, Sheldon M.
245 0 _aIntroductory Statistics
260 _bElsevier
_aHaryana
_c2016
300 _a818
546 _aEnglish
942 _2ddc
_cBK
999 _c85726
_d85726